000 00276nam a2200109Ia 4500
008 240521s2007 xx 000 0 und d
041 _aeng
100 _aGRUNDY J.T.
245 _aCONSTRUCTION TECHNOLOGY VOL-2
260 _bEDWARD ARNOLD PUBLISHERS LTD
_c2007
300 _a96
999 _c1162294
_d1162294